• 首页
  • 本馆介绍
  • 公告通知
  • 最新文献
  • 馆藏检索
  • 电子资源
  • 读者导购
  • 参考咨询
  • 我的图书馆
  • 登录
  • 详细信息显示
  • 放入我的书架
  • 预约/预借图书
  • 作者相关作品
  • 分类相关作品
  • 丛书相关作品
  • 出版社相关作品

书目信息

  • 表格格式
  • 工作单格式
  • 卡片格式
题名:
环境道德教育
    
 
作者: 马桂新 著
分册:  
出版信息: 北京   科学出版社  2006
页数: 308页
开本: 21cm
丛书名:
单 册:
中图分类: X-4
科图分类:
主题词: 环境教育--品德教育
电子资源:
ISBN: 7-03-017568-9
000 01010nam0 2200289 450
001 012004085070
005 20070805145855.95
009 012004085070
010    @a7-03-017568-9@dCNY30.00
035    @a(110019)012006110866
100    @a20061030d2006 em y0chiy0110 ea
101 0  @achi
102    @aCN@b110000
105    @ay z 000yy
106    @ar
200 1  @a环境道德教育@Ahuan jing dao de jiao yu@f马桂新著@Fma gui xin zhu
210    @a北京@c科学出版社@d2006
215    @a308页@d21cm
300    @a辽宁省哲学社会科学基金重点项目成果
312    @a封面英文题名:Education on environmental ethics
330    @a本书在总结和提升辽宁省哲学社会科学基金重点项目“学校环境道德现状与环境道德建设”成果基础上,立足于面向学校对青少年环境道德建设的理论研究与实践探索,从实际情况出发,突出理论联系实际。
510 1  @aEducation on environmental ethics@zeng
606 0  @a环境教育@x品德教育
690    @aX-4@v4
701  0 @a马桂新@Ama gui xin@4著
801  0 @aCN@b110019@c20070805
905    @dX-4@e147@f5
    
    环境道德教育/马桂新著.-北京:科学出版社,2006
    308页;21cm
    辽宁省哲学社会科学基金重点项目成果
    
    ISBN 7-03-017568-9:CNY30.00
    本书在总结和提升辽宁省哲学社会科学基金重点项目“学校环境道德现状与环境道德建设”成果基础上,立足于面向学校对青少年环境道德建设的理论研究与实践探索,从实际情况出发,突出理论联系实际。
●
相关链接 在E读中查询图书 在五车中查询图书 在当当中查询图书 在豆瓣中查询图书


正题名:环境道德教育     索取号:X-4/147         预约/预借

序号 登录号 条形码 馆藏地/架位号 状态 备注
1 0851248   208512484   第二样本阅览室/ [索取号:X-4/147] 在馆    
2 0851249   208512493   第三借阅区/ [索取号:X-4/147] 在馆    
3 0851250   208512509   第三借阅区/ [索取号:X-4/147] 在馆    
4 0851251   208512518   第三借阅区/ [索取号:X-4/147] 在馆    
5 0851252   208512527   第三借阅区/ [索取号:X-4/147] 在馆    
唐山师范学院图书馆 欢迎您!
大连网信软件有限公司© 版权所有